| 000 | 02164nam a2200493Ii 4500 | ||
|---|---|---|---|
| 001 | DIGDYK0195 | ||
| 003 | NyNyDIG | ||
| 008 | 140317s2011 sp ob 000 0 spa d | ||
| 006 | m o d | ||
| 007 | cr ||||||||||| | ||
| 035 | _a(OCoLC)802056967 | ||
| 040 |
_aDGITA _beng _erda _epn _cDGITA |
||
| 020 |
_a9788499824994 _q(eBook) |
||
| 020 |
_a8499824994 _q(eBook) |
||
| 020 | _z9788499820620 | ||
| 020 | _z849982062X | ||
| 043 | _ae-sp--- | ||
| 050 | 1 | 4 | _aKJA2583 eBook |
| 100 | 1 |
_aLázaro Guillamón, Carmen, _eauthor. |
|
| 245 | 1 | 3 |
_aLa concurrencia de responsabilidad civil contractual y extracontractual en el contrato de arrendamiento : _bdel derecho romano al derecho civil histórico valenciano / _cCarmen Lázaro Guillamón. |
| 264 | 1 |
_aMadrid : _bDykinson, S.L., _c[2011] |
|
| 300 | _a1 online resource (134 pages) | ||
| 336 |
_atext _btxt _2rdacontent |
||
| 337 |
_acomputer _bc _2rdamedia |
||
| 338 |
_aonline resource _bcr _2rdacarrier |
||
| 490 | 1 |
_aColección "Monografías de Derecho Romano." B, Sección Derecho público y privado romano ; _v52 |
|
| 504 | _aIncludes bibliographical references (pages [119]-127). | ||
| 588 | 0 | _aOnline resource; title from ePub and PDF title page (Digitalia, viewed March 12, 2014) | |
| 650 | 0 | _aLeases (Roman law) | |
| 650 | 0 |
_aLeases _zSpain _zValencia (Region) |
|
| 650 | 0 | _aTorts (Roman law) | |
| 650 | 0 |
_aTorts _zSpain _zValencia (Region) |
|
| 650 | 0 | _aContracts (Roman law) | |
| 650 | 0 |
_aContracts _zSpain _zValencia (Region) |
|
| 650 | 0 | _aLiability (Roman law) | |
| 655 | 0 | _aElectronic books. | |
| 791 | 2 |
_aDigitalia (Firm), _edistributor. |
|
| 776 | 0 | 8 |
_iPrint version: _aLázaro Guillamón, Carmen. _tConcurrencia de responsabilidad civil contractual y extracontractual en el contrato de arrendamiento. _dMadrid : Dykinson, 2011 _z9788499820620 _w(OCoLC)707968335 |
| 830 | 0 |
_aColección Monografías de derecho romano. _pSección Derecho público y privado romano ; _vno 52. |
|
| 793 | 0 |
_gDigitalia eBook Collection: _aDykinson Editorial. |
|
| 856 | 4 | 0 |
_3Digitalia Hispánica _uhttps://www.digitaliapublishing.com/a/13680/ |
| 910 | _aPremium Collection: 2013 | ||
| 942 | _cRAA | ||
| 999 |
_c233387 _d233387 |
||